Chicken soup for the Indian soul (Record no. 48991)

MARC details
000 -LEADER
fixed length control field 00432nam a2200169Ia 4500
008 - FIXED-LENGTH DATA ELEMENTS--GENERAL INFORMATION
fixed length control field 220805s9999 xx 000 0 und d
020 ## - INTERNATIONAL STANDARD BOOK NUMBER
International Standard Book Number 978-81-89975-43-2
041 ## - LANGUAGE CODE
Language code of text/sound track or separate title eng
082 ## - DEWEY DECIMAL CLASSIFICATION NUMBER
Classification number 813.08
100 ## - MAIN ENTRY--PERSONAL NAME
Personal name Canfield, Jack
9 (RLIN) 88991
260 ## - PUBLICATION, DISTRIBUTION, ETC. (IMPRINT)
Place of publication, distribution, etc. Chennai
Name of publisher, distributor, etc. Westland chennai
Date of publication, distribution, etc. 2008
245 ## - TITLE STATEMENT
Title Chicken soup for the Indian soul
250 ## - EDITION STATEMENT
Edition statement 1
300 ## - PHYSICAL DESCRIPTION
Extent 302
650 ## - SUBJECT ADDED ENTRY--TOPICAL TERM
Topical term or geographic name as entry element Fiction
9 (RLIN) 88992
700 ## - ADDED ENTRY--PERSONAL NAME
Personal name Hansen, Mark victor
9 (RLIN) 88993
Holdings
Withdrawn status Lost status Damaged status Not for loan Collection code Home library Current library Date acquired Vendor Cost, normal purchase price Full call number Barcode Date last seen Bill Date Koha item type Original Barcode
          Manilal Nanavati Vocational Training Institute Pune Manilal Nanavati Vocational Training Institute Pune 09/08/2022 Donated 275.00 813.08/CAN/DB1635 MNVT-DB-1635 09/08/2022 09/08/2022 Donated Book DB1635